​everything sucks - ​vaultboy - All Lyrics - Statistics

General Stats
  • This quiz has been taken 5 times
  • The average score is 174 of 225
Answer Stats
Answer % Correct
a
100%
and
100%
And
100%
Everything
100%
for
100%
great,
100%
(Haha,
100%
I
100%
is
100%
it
100%
just
100%
(Just
100%
kidding
100%
kidding)
100%
my
100%
no
100%
not
100%
Oh,
100%
(Oh,
100%
(Oh)
100%
(Oh-oh)
100%
(Oh-oh-oh)
100%
really
100%
really)
100%
really?)
100%
sucks,
100%
sucks
100%
the
100%
about
80%
bad
80%
be
80%
days
80%
days,
80%
did)
80%
ex
80%
felt
80%
first
80%
forget
80%
haven't
80%
in
80%
nice
80%
out,
80%
outside
80%
then
80%
thought
80%
time
80%
to
80%
wanna
80%
we
80%
went
80%
all
60%
arcade
60%
at
60%
being
60%
better
60%
But
60%
called
60%
change
60%
didn't
60%
down
60%
few
60%
friends
60%
might
60%
okay,
60%
okay
60%
say,
60%
say
60%
song
60%
than
60%
today
60%
try
60%
used
60%
wait-
60%
wait-um)
60%
write
60%
alone
40%
'Cause
40%
doing
40%
exercise
40%
(Fuck,
40%
hang
40%
hate
40%
if
40%
I'll
40%
makes
40%
miss
40%
sense
40%
should
40%
spare
40%
Spend
40%
them
40%
told
40%
No matching quizzes found
Score Distribution
Percent of People with Each Score
Percentile by Number Answered
Your Score History
You have not taken this quiz